devine le drapeau-monde - Statistiques

Statistiques générales
  • Ce quiz a été pris 105 fois
  • Le résultat moyen est 11 sur 12
Statistiques - réponses
Par images Réponse % Correct
france
96%
israel
96%
suisse
94%
allemagne
93%
bresil
93%
ukraine
93%
chine
90%
etats unis
90%
pays bas
90%
russie
88%
pakistan
70%
perou
64%
Aucun quiz correspondant
Distribution des résultats
% des personnes avec chaque résultat
Percentile par nombre de réponses
Votre historique - résultats
Vous n’avez pas pris ce quiz